Riconosci l'Anno dagli eventi - Quiz n°478 - Statistics

Statistiche generali
  • Questo quiz è stato fatto 6 volte
  • Il punteggio medio è 10 su 15
Statistiche sulle risposte
Indizio Risposta % Corretto
A Aurangzeb imprigiona il padre Shah Jahan e diventa Imperatore Mogol.
100%
E 25 maggio: nell'ambito della guerra franco e anglo spagnola, l'esercito francese comandato da Turenne, assedia Dunkerque.
83%
O 29 ottobre – Battaglia del Sound: la flotta delle Province Unite, alleata della Danimarca-Norvegia, sconfigge quella svedese che è costretta a rinunciare al controllo di Copenaghen.
83%
M 14 ottobre: Alfonso IV d'Este, in seguito alla morte del padre Francesco proprio il giorno del suo 24º compleanno, diventa Duca di Modena e Reggio.
67%
G 17 luglio: Carlo X, non rispettando il Trattato di Roskilde, assedia Copenaghen.
67%
H 1º agosto: Leopoldo I d'Asburgo all'età di 18 anni viene eletto Imperatore del Sacro Romano Impero Germanico.
67%
N 24 ottobre: la compagnia teatrale di Molière si esibisce davanti al Re Luigi XIV che rimane estasiato per la farsa "Il dottore amoroso".
67%
P 28 dicembre: nell'ambito della Seconda guerra del nord la Russia firma una tregua triennale con la Svezia (trattato di Valiesar) e riprende le ostilità contro la Polonia-lituania.
67%
I 3 settembre: in seguito alla morte di Oliver Cromwell, il figlio Richard eredità la leadership della Gran Bretagna.
67%
D 8 aprile: Giovanni Pesaro viene eletto 103º Doge della Repubblica di Venezia.
67%
F 14 giugno – Battaglia delle Dune: vittoria francese sugli spagnoli
50%
L 16 settembre: viene firmato il Trattato di Hadjač tra la Confederazione polacco-lituana e i Cosacchi ruteni. Questi ricevono pari diritti dei polacchi e lituani.
50%
C 26 febbraio: con la firma del Trattato di Roskilde la Danimarca-Norvegia cede ampi territori alla Svezia.
50%
B 6 febbraio: nell'ambito della Seconda guerra del nord (1655-1660), il Re dell'Impero svedese Carlo X raggiunge l'isola danese di Lolland dopo aver attraversato a piedi in nottata col suo esercito lo stretto di mare ghiacciato del Grande Belt.
50%
Anno 1658
33%
Nessun quiz corrispondente trovato
Distribuzione punteggi
Percentuale di utenti per punteggio
Percentile per numero di risposta
I tuoi punteggi nel tempo
Non hai fatto questo quiz